Tungkhungia buranji, or, A history of Assam, 1681-1826 A.D : (Record no. 27041)
[ view plain ]
| 000 -LEADER | |
|---|---|
| fixed length control field | 01187nam a22003017a 4500 |
| 001 - CONTROL NUMBER | |
| control field | 27041 |
| 003 - CONTROL NUMBER IDENTIFIER | |
| rucl marc code | BD-RjUL |
| 005 - DATE AND TIME OF LATEST TRANSACTION | |
| control field | 20211209051114.0 |
| 008 - FIXED-LENGTH DATA ELEMENTS--GENERAL INFORMATION | |
| fixed length control field | 140324s1933 enka ab 001 0 eng |
| 035 ## - SYSTEM CONTROL NUMBER | |
| System control number | (BD-RjUL)27112 |
| 040 ## - CATALOGING SOURCE | |
| Original cataloging agency | DLC |
| Transcribing agency | DLC |
| Language of cataloging | eng |
| 041 1# - LANGUAGE CODE | |
| Language code of text/sound track or separate title | eng |
| Language code of original | asm |
| 082 ## - DEWEY DECIMAL CLASSIFICATION NUMBER | |
| Classification number | 954.16 |
| Author mark and year | BAT 1933 |
| 100 1# - MAIN ENTRY--PERSONAL NAME | |
| Personal name | Barbarua, Srinath Duara. |
| 9 (RLIN) | 83065 |
| 245 10 - TITLE STATEMENT | |
| Title | Tungkhungia buranji, or, A history of Assam, 1681-1826 A.D : |
| Remainder of title | an old Assamese chronicle of the Tungkhungia dynasty of Ahom sovereigns with marginalia, genealogical tables, bibliography, glossary, and index / |
| Statement of responsibility, etc. | Srinath Duara Barbarua] ; compiled, edited, and translated by S.K. Bhuyan. |
| 246 30 - VARYING FORM OF TITLE | |
| Title proper/short title | Tungkhungia buranji |
| Title proper/short title | History of Assam, 1681-1826 A.D. |
| 260 ## - PUBLICATION, DISTRIBUTION, ETC. (IMPRINT) | |
| Place of publication, distribution, etc. | London : |
| Name of publisher, distributor, etc. | Oxford University Press, |
| Date of publication, distribution, etc. | 1933. |
| 300 ## - PHYSICAL DESCRIPTION | |
| Pagination | xxxii, 262 p. : |
| Illustrations | ill. ; |
| Size | 21 cm. |
| 504 ## - BIBLIOGRAPHY, ETC. NOTE | |
| Bibliography, etc | Includes bibliographical references and index. |
| 651 #0 - SUBJECT ADDED ENTRY--GEOGRAPHIC NAME | |
| Geographic name | Assam (India) |
| General subdivision | History. |
| 9 (RLIN) | 83066 |
| 700 1# - ADDED ENTRY--PERSONAL NAME | |
| Personal name | Bhuyan, Suryya Kumar. |
| 830 #0 - SERIES ADDED ENTRY--UNIFORM TITLE | |
| Volume number/sequential designation | item 09977. |
| 830 #0 - SERIES ADDED ENTRY--UNIFORM TITLE | |
| Uniform title | SAMP early 20th-century Indian books project ; |
| 942 ## - ADDED ENTRY ELEMENTS (KOHA) | |
| Source of classification or shelving scheme | Dewey Decimal Classification |
| Koha item type | Books |
| Lost status | Source of classification or shelving scheme | Damaged status | Not for loan | Collection code | Permanent Location | Current Location | Shelving location | Date acquired | Source of acquisition | Cost, normal purchase price | Total Checkouts | Full call number | Date last seen | Copy number | Koha item type |
|---|---|---|---|---|---|---|---|---|---|---|---|---|---|---|---|
| Dewey Decimal Classification | Added to bundle | Non-fiction | Central Library, University of Rajshahi | Central Library, University of Rajshahi | Reading Room | 16/01/1962 | oxford university | 21.20 | 954.16 BAT 1933 | 24/03/2014 | C-1 | Books |